000 01433nam a2200277Ia 4500
999 _c49407
_d49407
001 16327
003 GE_BSU
005 20230216101338.0
008 181216s2010||||ge |||||||||||||| ||geo||
020 _a9789994098576
040 _cGE_BSU
041 _ageo
080 _a341(075.8) ს-15
100 _aგასანოვი, კ.კ.
_916924
245 _aსაერთაშორისო სამართალი :
_b[სახელმძღვ. სტუდ., რომლებიც სწავლობენ "იურისპრუდენციის" სპეციალობით] /
_c[კ.კ. გასანოვი, ი.ა. კუზნეცოვი, დ.ა. ნიკონოვი [და სხვ.] ; ნ. ერიაშვილის რედ.
264 _aთბილისი :
_bსამართლიანი საქართველო,
_c2010.
300 _a412გვ;
_b20სმ.
541 _h40ლ.
653 _aსაერთაშორისო სამართალი
653 _aსამართალი
700 _aნიკონოვი, დ.ა.
_eავტორი
_916925
700 _aკალამკარიანი, რ.ა.
_eავტორი
_916926
700 _aშალიაგინი, დ.დ.
_eავტორი
_916927
700 _aერიაშვილი, ნ.
_eავტორი
_93261
942 _cBK
_2udc